Drawing And Reinventing Landscape (Record no. 15921)

MARC details
000 -LEADER
fixed length control field 00410nam a2200157Ia 4500
008 - FIXED-LENGTH DATA ELEMENTS--GENERAL INFORMATION
fixed length control field 220803s9999 xx 000 0 und d
020 ## - INTERNATIONAL STANDARD BOOK NUMBER
International Standard Book Number 9781119967026
041 ## - LANGUAGE CODE
Language code of text/sound track or separate title eng
082 ## - DEWEY DECIMAL CLASSIFICATION NUMBER
Classification number 712 BAL
100 ## - MAIN ENTRY--PERSONAL NAME
Personal name Balmori D
9 (RLIN) 25050
245 ## - TITLE STATEMENT
Title Drawing And Reinventing Landscape
260 ## - PUBLICATION, DISTRIBUTION, ETC. (IMPRINT)
Place of publication, distribution, etc. United Kingdom
Name of publisher, distributor, etc. Wiley Publication
Date of publication, distribution, etc. 2014
300 ## - PHYSICAL DESCRIPTION
Extent 200p
500 ## - GENERAL NOTE
Keywords LANDS
650 ## - SUBJECT ADDED ENTRY--TOPICAL TERM
Topical term or geographic name as entry element Landscape Architecture
9 (RLIN) 25051
Holdings
Withdrawn status Lost status Damaged status Not for loan Collection code Home library Current library Date acquired Vendor Cost, normal purchase price Full call number Barcode Date last seen Cost, replacement price Bill Date Koha item type Original Barcode
        Book of B Arch Dr. Bhanuben Nanavati College of Architecture Dr. Bhanuben Nanavati College of Architecture 11/09/2015 Technical Book Source 2113.65 712 BAL BNCA-BK-9516 03/08/2022 2113.65 11/08/2015 Reference book B09516